| 000 | nam a22 a 4500 | ||
|---|---|---|---|
| 999 |
_c429158 _d429158 |
||
| 003 | BLK | ||
| 005 | 20211019145013.0 | ||
| 008 | 211019b bul|||||r ||||||| ||bul|| | ||
| 020 | _a9789547913011 | ||
| 040 | _aBLK | ||
| 041 |
_aBUL _cBUL |
||
| 080 |
_aМатематика - учебници за основни училища _b373.3.016:51 _x(076)(075.2) _z373.3.016:51(076)(075.2) |
||
| 100 |
_91299 _aИлиева, Сара Красимирова _eпърви автор |
||
| 139 |
_aИлиева, Сара Красимирова _bИ 52 |
||
| 245 |
_aМатематически трикове _bКак да решаваме задачите бързо и хитро : [Учебно помагало] : Ниво 1 - 2 _cСара Илиева _nНиво 1 |
||
| 260 |
_9210191 _aСофия _bДаниела Убенова _c2020 _n978-954-791- ; 954-8155- |
||
| 300 |
_a160 с. : с ил. табл., черт. _c24 см |
||
| 380 | _a3 | ||
| 650 | 0 |
_9461124 _aМатематика - учебни помагала за основни училища |
|
| 653 | 0 |
_9402946 _aматематически задачи |
|
| 760 |
_aИлиева, Сара Красимирова _dСофия, 2020 _h160 с. : с ил. табл., черт. _oНиво 1 |
||
| 852 |
_bД _c373.3.016:51/И 52 С |
||
| 942 |
_cKNG _n0 _s1 |
||
| 944 |
_aCR _c2021-10-19 _kГГГ |
||
| 999 | _d429158 | ||